000 00642nam a2200181 i 4500
001 134711
003 ES-MaACL
005 20230906194729.0
007 t|
008 070913s1970 sp ||||1| spa d
100 1 _aWeinberger, Hans F.
_9116359
245 1 0 _aEcuaciones diferenciales en derivadas parciales /
_cH. f. Weinberger ; [versión Francisco Vélez Cantarell ; revisado por Enrique Lines Escardó].
260 _aBarcelona :
_bReverté,
_c1970.
300 _aIX, 467 p. :
_bil. ;
_c22 cm.
700 1 _aVélez Cantarell, Francisco.
_9113829
700 1 _aLinés Escardó, Enrique.
_972434
852 _aES-MaACL
_jC-38300
_bR.75502
999 _c134711
_d134711